[Event "4NCL Division 1c"]
[Site "Telford, ENG"]
[Date "2018.05.05"]
[Round "9.24"]
[White "Adair, James R"]
[Black "Sarakauskas, Gediminas"]
[Result "1-0"]
[WhiteElo "2486"]
[BlackElo "2424"]
[PlyCount "91"]
[EventDate "2018.05.05"]
[WhiteTeam "White Rose 1"]
[BlackTeam "Guildford 2"]

1. e4 e5 2. Nf3 Nc6 3. d4 exd4 4. Nxd4 Bb4+ 5. c3 Bc5 6. Be3 Bb6 7. Nf5 Bxe3 8.
Nxe3 Nf6 9. f3 O-O 10. c4 d6 11. Nc3 Nd7 12. Be2 Nc5 13. Qd2 a5 14. O-O Ne7 15.
f4 f5 16. Bf3 Bd7 17. Rae1 Kh8 18. exf5 Nxf5 19. Ne4 Nxe4 20. Bxe4 Nxe3 21.
Rxe3 Qf6 22. f5 Rae8 23. Bxb7 Rb8 24. Bd5 Rxb2 25. Qxa5 Qd4 26. Rfe1 Bxf5 27.
Qc3 Qxc3 28. Rxc3 Rxa2 29. Rf3 h5 30. Re7 Ra1+ 31. Kf2 Ra2+ 32. Kg1 Ra1+ 33.
Kf2 Ra2+ 34. Kg3 Rf6 35. Kh4 Kh7 36. Rxf5 Rxf5 37. Be4 Raf2 38. g4 hxg4 39. Rf7
R2f4 40. Bxf5+ Kg8 41. Kg5 Rxc4 42. Kg6 Rf4 43. Rxg7+ Kf8 44. Rf7+ Kg8 45. Rxc7
Kf8 46. Kf6 1-0

[Event "4NCL Division 1c"]
[Site "Telford, ENG"]
[Date "2018.05.05"]
[Round "9.35"]
[White "Kirk, Ezra"]
[Black "Alizada, Eldar"]
[Result "1-0"]
[WhiteElo "2420"]
[BlackElo "2058"]
[PlyCount "87"]
[EventDate "2018.05.05"]
[WhiteTeam "Cheddleton 1"]
[BlackTeam "Oxford 1"]

1. d4 d5 2. c4 c6 3. Nf3 Nf6 4. Nc3 e6 5. g3 Bd6 6. Bg2 O-O 7. O-O Nbd7 8. Nd2
Re8 9. e4 dxe4 10. Ndxe4 Bc7 11. b3 h6 12. Bb2 Nxe4 13. Nxe4 Nf6 14. f4 Nxe4
15. Bxe4 Qe7 16. Qh5 Bb6 17. Rae1 Qf6 18. c5 Bd8 19. Rf2 Qe7 20. Rfe2 Bd7 21.
b4 Bc7 22. d5 cxd5 23. Bxd5 Bc6 24. Qg4 Qf8 25. Bxc6 bxc6 26. Qf3 Rec8 27. Qxc6
Bxf4 28. Qf3 Bc7 29. Re4 a5 30. Rg4 e5 31. a3 axb4 32. axb4 f6 33. Qf5 Rd8 34.
Bc1 Rd4 35. Bxh6 Rxg4 36. Qxg4 Kh7 37. Be3 Ra2 38. Qh4+ Kg8 39. Qc4+ Qf7 40.
Qxf7+ Kxf7 41. b5 Rc2 42. Ra1 Ke6 43. b6 Bd8 44. Ra8 1-0